000 00436nam a22001217a 4500
082 _a004.952
_bCEN
_cD
110 _aCenter of the international cooperation for computerization
_936627
245 _aContinuing progress of computerization in japan 1994
260 _aJapan
_bCenter of the international cooperation for computerization
_c1994
300 _a98p.:
_c28 cm.
526 _a0
_b0
_c0
_d004_952000000000000_CEN
942 _2ddc
_cBK
999 _c541648
_d541648